Conselleria de Serveis Públics : butlletí extraordinari / Generalitat de Catalunya butlletí extraordinari / Generalitat de Catalunya
Descripción Física:
Il. ; 30 cm
Otros Autores:
Catalunya. Conselleria de Serveis Públics
MARC
| LEADER | 00000nam a2200000Ia 4500 | ||
|---|---|---|---|
| 001 | 7548 | ||
| 008 | 160829s1937 - xx 000 0 cat d | ||
| 008 | 160829s9999 xx 000 0 cat d | ||
| 080 | |a FOL-2-77 | ||
| 245 | |a Conselleria de Serveis Públics : |b butlletí extraordinari / Generalitat de Catalunya | ||
| 260 | |a [Barcelona] : |b la Conselleria, Departament d'Informació i Propaganda, |c 1937 - | ||
| 300 | |a Il. ; |c 30 cm | ||
| 362 | |a 1 (maig 1937)- | ||
| 590 | |a Periodicitat desconeguda. | ||
| 590 | |a Passat com a monografia | ||
| 650 | |a Catalunya. Conselleria de Serveis Públics |x Revistes |9 29971 | ||
| 650 | |a Serveis públics |x Catalunya |x Revistes |9 29972 | ||
| 700 | |a Catalunya. Conselleria de Serveis Públics |9 29973 | ||
| 866 | |a 1937 | ||
| 901 | |a Arxiu | ||
| 942 | |n 1 | ||
| 952 | |0 0 |1 0 |4 0 |6 FOL277 |7 1 |9 45194 |a Arxiu |b Arxiu |d 2016-12-01 |l 0 |o FOL-2-77 |p 7548 |r 2016-12-01 00:00:00 |w 2016-12-01 |y ARXIU | ||
| 999 | |c 48266 |d 48266 | ||